[Event "Cheliabinsk Lozovatsky Memorial-A"]
[Site "Cheliabinsk"]
[Date "2023.01.31"]
[Round "5"]
[White "Shoshin, Kirill"]
[Black "Voinikonis, Nikita"]
[Result "1/2-1/2"]
[WhiteElo "2298"]
[BlackElo "2074"]
[PlyCount "86"]
[EventDate "2023.01.27"]
[EventType "swiss"]
[EventRounds "10"]
[EventCountry "RUS"]
[SourceTitle "CBM 212 Extra"]
[Source "ChessBase"]
[SourceDate "2023.03.31"]
[SourceVersion "1"]
[SourceVersionDate "2023.03.31"]
[SourceQuality "1"]

1. d4 Nf6 2. c4 e6 3. Nc3 Bb4 4. e3 0-0 5. Bd3 Re8 6. Qb3 Nc6 7. Nf3 d6 8. e4 e5 9. d5 Bxc3+ 10. Qxc3 Nd4 11. Nxd4 exd4 12. Qxd4 Nxe4 13. 0-0 Qf6 14. Qxf6 Nxf6 15. f3 Nd7 16. Bd2 Ne5 17. Rfe1 Bd7 18. Bf1 Bf5 19. Re3 Nd7 20. Rae1 Kf8 21. Bc3 Rxe3 22. Rxe3 a5 23. b3 f6 24. a3 b6 25. Bd4 Re8 26. Kf2 Rxe3 27. Kxe3 Bc2 28. b4 axb4 29. axb4 h5 30. Be2 Kf7 31. g3 Bf5 32. Bc3 Ke7 33. Kd4 Bc2 34. Bd2 Bf5 35. Bc1 Bc2 36. h3 Bf5 37. g4 Bg6 38. Bd2 Kf7 39. f4 hxg4 40. hxg4 Ke7 41. f5 Bf7 42. g5 fxg5 43. Bxg5+ Nf6 1/2-1/2

[Event "RUS-chT2"]
[Site "Sochi"]
[Date "2022.05.05"]
[Round "5.3"]
[White "Derjabin, Ilja"]
[Black "Voinikonis, Nikita"]
[Result "0-1"]
[WhiteElo "2353"]
[BlackElo "2086"]
[PlyCount "66"]
[EventDate "2022.05.01"]
[EventType "team-swiss"]
[EventRounds "9"]
[EventCountry "RUS"]
[SourceTitle "CBM 208 Extra"]
[Source "ChessBase"]
[SourceDate "2022.07.31"]
[SourceVersion "1"]
[SourceVersionDate "2022.07.31"]
[SourceQuality "1"]
[WhiteTeam "Krasnodarsk Armavir"]
[BlackTeam "Moscow Temus Tim"]
[WhiteTeamCountry "RUS"]
[BlackTeamCountry "RUS"]

1. Nf3 d5 2. c4 c6 3. g3 Nf6 4. Bg2 g6 5. 0-0 Bg7 6. d4 0-0 7. Nc3 dxc4 8. e4 b5 9. Qe2 b4 10. Na4 Ba6 11. Rd1 Bb5 12. Nc5 Nbd7 13. Qe1 a5 14. a4 bxa3 15. Rxa3 Nxc5 16. dxc5 Qc7 17. e5 Nd7 18. e6 Nxc5 19. exf7+ Rxf7 20. Ng5 Rf6 21. Bf4 Rxf4 22. gxf4 Qxf4 23. Ne6 Nxe6 24. Qxe6+ Qf7 25. Qe4 Bxb2 26. Bh3 Qf8 27. Rf3 Bf6 28. Be6+ Kg7 29. Rd7 a4 30. Qf4 a3 31. Rh3 Kh8 32. Bf5 gxf5 33. Qxf5 Qf7 0-1

[Event "Moscow City Team-ch"]
[Site "Moscow"]
[Date "2021.09.13"]
[Round "3"]
[White "Mikhailovsky, Vladimir"]
[Black "Voinikonis, Nikita"]
[Result "0-1"]
[WhiteElo "2199"]
[BlackElo "2089"]
[PlyCount "74"]
[EventDate "2021.09.11"]
[EventType "team-swiss"]
[EventRounds "7"]
[EventCountry "RUS"]
[SourceTitle "EXT 2022"]
[Source "ChessBase"]
[SourceDate "2021.10.06"]
[SourceVersion "1"]
[SourceVersionDate "2021.10.06"]
[SourceQuality "1"]

1. e4 c6 2. c4 d5 3. exd5 cxd5 4. cxd5 Nf6 5. Qa4+ Nbd7 6. Nc3 g6 7. Nf3 Bg7 8. Bc4 0-0 9. d3 a6 10. Qa3 Nb6 11. Qb3 Nxc4 12. dxc4 e6 13. 0-0 b5 14. cxb5 axb5 15. Bg5 exd5 16. Rad1 Be6 17. Nd4 Qb6 18. Ncxb5 Ne4 19. Be3 Qb7 20. Rb1 Rfb8 21. a4 Qa6 22. f3 Nd2 23. Bxd2 Bxd4+ 24. Kh1 Bg7 25. Qe3 Qxa4 26. Nc7 Rb3 27. Qe1 Bxb2 28. Nxe6 Bc1 29. Nc5 Bxd2 30. Qd1 Qc4 31. Nxb3 Bc3 32. f4 Ra3 33. Nc1 Ra1 34. f5 Bb2 35. fxg6 Qxf1+ 36. Qxf1 Rxb1 37. gxf7+ Kf8 0-1

[Event "Moscow op-A 17th"]
[Site "Moscow"]
[Date "2021.02.20"]
[Round "1"]
[White "Voinikonis, Nikita"]
[Black "Shturman, Arseniy"]
[Result "0-1"]
[WhiteElo "2208"]
[BlackElo "1782"]
[PlyCount "78"]
[EventDate "2021.02.20"]
[EventType "swiss"]
[EventRounds "9"]
[EventCountry "RUS"]
[SourceTitle "CBM 200 Extra"]
[Source "ChessBase"]
[SourceDate "2021.03.31"]
[SourceVersion "1"]
[SourceVersionDate "2021.03.31"]
[SourceQuality "1"]

1. d4 Nf6 2. Bg5 d5 3. Bxf6 gxf6 4. e3 c5 5. c4 dxc4 6. Bxc4 cxd4 7. exd4 e6 8. Ne2 Nd7 9. Nbc3 Nb6 10. Bb3 Bd6 11. d5 exd5 12. Bxd5 Nxd5 13. Qxd5 Be5 14. Qe4 Be6 15. Qxb7 0-0 16. 0-0 Rb8 17. Qxa7 Rxb2 18. Qe3 Bc4 19. Rfd1 Qc7 20. Nd4 Bxh2+ 21. Kh1 Bf4 22. Qf3 Kh8 23. Ne4 Be5 24. Rac1 Rd8 25. Qc3 Re2 26. f3 f5 27. Ng3 Qe7 28. Ngxe2 Qh4+ 29. Kg1 Bxe2 30. Nxf5 Rxd1+ 31. Rxd1 Bxc3 32. Nxh4 Bxd1 33. Nf5 Bc2 34. Nd6 Kg8 35. Kf2 Bb4 36. Nc4 Bb1 37. a3 Bc5+ 38. Ke2 Ba2 39. Ne5 Bxa3 0-1

[Event "Titled Tuesday intern op 14th April"]
[Site "Chess.com INT"]
[Date "2020.04.14"]
[Round "7"]
[White "Fernandez, Daniel Howard"]
[Black "Voinikonis, Nikita"]
[Result "0-1"]
[WhiteElo "2466"]
[BlackElo "2208"]
[PlyCount "120"]
[EventDate "2020.04.14"]
[EventType "swiss (blitz)"]
[EventRounds "10"]
[EventCountry "USA"]
[SourceTitle "EXT 2021"]
[Source "ChessBase"]
[SourceDate "2020.10.23"]
[SourceVersion "1"]
[SourceVersionDate "2020.10.23"]
[SourceQuality "1"]

1. Nf3 d5 2. c4 d4 3. b4 c5 4. bxc5 Nc6 5. d3 e5 6. Ba3 Bxc5 7. Bxc5 Qa5+ 8. Nfd2 Qxc5 9. g3 Nf6 10. Bg2 0-0 11. Qb3 Rb8 12. Qa3 Qb4 13. 0-0 Bg4 14. Re1 Rfc8 15. h3 Bh5 16. g4 Bg6 17. Bxc6 bxc6 18. f3 c5 19. Qxb4 cxb4 20. Nb3 Nd7 21. N1d2 Ra8 22. a3 a5 23. axb4 axb4 24. c5 f6 25. Rxa8 Rxa8 26. c6 Nb6 27. Rc1 Nd5 28. Rc5 Nc7 29. Rc4 Rb8 30. Rc1 Bf7 31. Ra1 Ra8 32. Rxa8+ Nxa8 33. f4 Bxb3 34. Nxb3 Kf7 35. fxe5 fxe5 36. Kf2 Ke6 37. Kf3 Kd5 38. Na5 Nc7 39. e4+ dxe3 40. Kxe3 Ne6 41. h4 g6 42. g5 Kd6 43. Nc4+ Kxc6 44. Nxe5+ Kc5 45. Nc4 Kd5 46. Nd2 Nd4 47. Nc4 b3 48. Kd2 Nf3+ 49. Kc3 Nxh4 50. Ne3+ Ke5 51. Ng4+ Kf5 52. Nf6 h5 53. Ne4 Nf3 54. Kxb3 Nxg5 55. Nf2 h4 56. d4 Ne4 57. Nh1 g5 58. Kc4 g4 59. Kd3 g3 60. Ke2 g2 0-1

[Event "Titled Tuesday intern op 14th April"]
[Site "Chess.com INT"]
[Date "2020.04.14"]
[Round "9"]
[White "Girish, A Koushnik"]
[Black "Voinikonis, Nikita"]
[Result "0-1"]
[WhiteElo "2498"]
[BlackElo "2208"]
[PlyCount "56"]
[EventDate "2020.04.14"]
[EventType "swiss (blitz)"]
[EventRounds "10"]
[EventCountry "USA"]
[SourceTitle "EXT 2021"]
[Source "ChessBase"]
[SourceDate "2020.10.23"]
[SourceVersion "1"]
[SourceVersionDate "2020.10.23"]
[SourceQuality "1"]

1. d4 d5 2. c4 e6 3. Nc3 Nf6 4. Nf3 c6 5. Bg5 Nbd7 6. e3 h6 7. Bh4 g5 8. Bg3 Nh5 9. Be2 Nxg3 10. hxg3 Bg7 11. Qc2 g4 12. Nd2 h5 13. 0-0-0 a6 14. Nb3 b5 15. cxd5 cxd5 16. e4 Nf6 17. exd5 Nxd5 18. Kb1 Bb7 19. Nc5 Bc6 20. Nxd5 Bxd5 21. f3 Rc8 22. fxg4 hxg4 23. Rxh8+ Bxh8 24. Bxg4 Bxd4 25. b4 Bh8 26. Bxe6 Qf6 27. Bd7+ Kf8 28. Qd2 Be4+ 0-1

[Event "Titled Tuesday intern op 14th April"]
[Site "Chess.com INT"]
[Date "2020.04.14"]
[Round "6"]
[White "Voinikonis, Nikita"]
[Black "Daianu, Cristian Clement"]
[Result "1-0"]
[WhiteElo "2208"]
[BlackElo "2224"]
[PlyCount "21"]
[EventDate "2020.04.14"]
[EventType "swiss (blitz)"]
[EventRounds "10"]
[EventCountry "USA"]
[SourceTitle "EXT 2021"]
[Source "ChessBase"]
[SourceDate "2020.10.23"]
[SourceVersion "1"]
[SourceVersionDate "2020.10.23"]
[SourceQuality "1"]

1. e4 c5 2. Nf3 d6 3. d4 cxd4 4. Nxd4 Nf6 5. Nc3 a6 6. f3 e6 7. Be3 b5 8. Qd2 b4 9. Na4 Nbd7 10. g4 h6 11. 0-0-0 1-0

[Event "Titled Tuesday intern op 7th April"]
[Site "Chess.com INT"]
[Date "2020.04.07"]
[Round "2"]
[White "Voinikonis, Nikita"]
[Black "Andrews, Todd D"]
[Result "0-1"]
[WhiteElo "2208"]
[BlackElo "2244"]
[PlyCount "50"]
[EventDate "2020.04.07"]
[EventType "swiss (blitz)"]
[EventRounds "10"]
[EventCountry "USA"]
[SourceTitle "EXT 2021"]
[Source "ChessBase"]
[SourceDate "2020.10.23"]
[SourceVersion "1"]
[SourceVersionDate "2020.10.23"]
[SourceQuality "1"]

1. e4 c5 2. Nf3 d6 3. d4 cxd4 4. Nxd4 Nf6 5. Nc3 a6 6. h3 e6 7. Be2 b5 8. 0-0 Bb7 9. f3 Be7 10. a3 0-0 11. Re1 Nbd7 12. Bf1 Rc8 13. g4 Nb6 14. Bg2 Nc4 15. f4 Qb6 16. Kh1 Rfd8 17. b3 Nxa3 18. Bxa3 Rxc3 19. Bb4 Rdc8 20. Bxc3 Rxc3 21. Qd2 Qc5 22. e5 Rxh3+ 23. Kg1 Rg3 24. Re2 Ne4 25. Qe1 Qxd4+ 0-1

[Event "Moscow op-A 16th"]
[Site "Moscow"]
[Date "2020.02.01"]
[Round "8"]
[White "Chekletsov, Ilya"]
[Black "Voinikonis, Nikita"]
[Result "0-1"]
[WhiteElo "2372"]
[BlackElo "2217"]
[PlyCount "66"]
[EventDate "2020.01.25"]
[EventType "swiss"]
[EventRounds "9"]
[EventCountry "RUS"]
[SourceTitle "CBM 194 Extra"]
[Source "ChessBase"]
[SourceDate "2020.03.31"]
[SourceVersion "1"]
[SourceVersionDate "2020.03.31"]
[SourceQuality "1"]

1. d4 d5 2. c4 c6 3. Nf3 Nf6 4. Qc2 g6 5. Bf4 Bf5 6. Qb3 Qb6 7. e3 Nbd7 8. Nc3 Bg7 9. h3 0-0 10. Be2 dxc4 11. Bxc4 c5 12. g4 cxd4 13. exd4 Be4 14. Nxe4 Nxe4 15. Bd5 Qa5+ 16. Kf1 Ndf6 17. Bxb7 Rab8 18. g5 Nh5 19. Bxb8 Rxb8 20. Qd5 Nd2+ 21. Kg1 Nxf3+ 22. Qxf3 Qxg5+ 23. Kh2 Bxd4 24. Rhe1 Bxf2 25. Qxf2 Rxb7 26. Rad1 Rb5 27. b3 Rf5 28. Qe3 Qf6 29. Qxa7 Qb2+ 30. Kh1 Ng3+ 31. Kg1 Rg5 32. h4 Ne2+ 33. Kh1 Rg4 0-1

[Event "Moscow op-A 16th"]
[Site "Moscow"]
[Date "2020.01.25"]
[Round "1"]
[White "Voinikonis, Nikita"]
[Black "Afanasiev, Nikita"]
[Result "0-1"]
[WhiteElo "2217"]
[BlackElo "2516"]
[PlyCount "80"]
[EventDate "2020.01.25"]
[EventType "swiss"]
[EventRounds "9"]
[EventCountry "RUS"]
[SourceTitle "CBM 194 Extra"]
[Source "ChessBase"]
[SourceDate "2020.03.31"]
[SourceVersion "1"]
[SourceVersionDate "2020.03.31"]
[SourceQuality "1"]

1. d4 Nf6 2. c4 e6 3. Nc3 Bb4 4. Bd2 Qe7 5. Nf3 0-0 6. e3 d6 7. Bd3 e5 8. dxe5 dxe5 9. Ng5 h6 10. Nge4 Nxe4 11. Bxe4 f5 12. Bc2 c6 13. a3 Bd6 14. Qe2 Nd7 15. e4 f4 16. b4 Nf6 17. c5 Bc7 18. Bb3+ Kh8 19. f3 b6 20. 0-0 bxc5 21. Na4 cxb4 22. Bxb4 Bd6 23. Bxd6 Qxd6 24. Rfd1 Qc7 25. Qd2 Rb8 26. Bc4 Nd7 27. Qd6 Qxd6 28. Rxd6 Nf6 29. Rad1 Kh7 30. Kf2 Rb7 31. Nc5 Rc7 32. Rd8 Rxd8 33. Rxd8 g5 34. Nd3 Nd7 35. Be6 c5 36. Rxc8 Rxc8 37. Bxd7 Rb8 38. Ke2 c4 39. Nxe5 Rb2+ 40. Kd1 c3 0-1

[Event "Eurasia Cup op"]
[Site "Ekaterinburg"]
[Date "2019.08.02"]
[Round "3"]
[White "Voinikonis, Nikita"]
[Black "Klukin, Kirill"]
[Result "1/2-1/2"]
[WhiteElo "2137"]
[BlackElo "2325"]
[PlyCount "82"]
[EventDate "2019.07.31"]
[EventType "swiss"]
[EventRounds "9"]
[EventCountry "RUS"]
[SourceTitle "CBM 191 Extra"]
[Source "ChessBase"]
[SourceDate "2019.09.30"]
[SourceVersion "1"]
[SourceVersionDate "2019.09.30"]
[SourceQuality "1"]

1. d4 Nf6 2. Bg5 e6 3. e4 h6 4. Bxf6 Qxf6 5. c3 d6 6. Nd2 g6 7. Bc4 Bg7 8. Ngf3 0-0 9. Qe2 Nd7 10. 0-0 a6 11. a4 Qe7 12. a5 e5 13. dxe5 dxe5 14. b4 Nf6 15. Nb3 Nh5 16. Qe3 Nf4 17. g3 Be6 18. Bxe6 Nxe6 19. Rad1 Rfc8 20. Nfd2 b5 21. axb6 cxb6 22. Qxb6 Rxc3 23. Ra1 Rcc8 24. b5 axb5 25. Rxa8 Rxa8 26. Qxb5 Nd4 27. Nxd4 exd4 28. Rd1 Kh7 29. h4 Ra2 30. Qd5 Qa7 31. h5 Ra5 32. hxg6+ fxg6 33. Qd6 Ra2 34. Qd5 Qa6 35. Qc4 Qa5 36. Nf3 Ra4 37. Qc6 Ra3 38. e5 Bxe5 39. Nxe5 Qxe5 40. Qd7+ Qg7 41. Qxg7+ Kxg7 1/2-1/2

[Event "Pardubice Czech op-A 30th"]
[Site "Pardubice"]
[Date "2019.07.25"]
[Round "7"]
[White "Pesotskiy, Mikhail"]
[Black "Voinikonis, Nikita"]
[Result "0-1"]
[WhiteElo "2301"]
[BlackElo "2137"]
[PlyCount "62"]
[EventDate "2019.07.19"]
[EventType "swiss"]
[EventRounds "9"]
[EventCountry "CZE"]
[SourceTitle "CBM 191"]
[Source "ChessBase"]
[SourceDate "2019.08.31"]
[SourceVersion "1"]
[SourceVersionDate "2019.08.31"]
[SourceQuality "1"]

1. Nf3 d5 2. g3 c5 3. Bg2 Nc6 4. 0-0 e5 5. c4 d4 6. d3 Bd6 7. e3 Nf6 8. exd4 cxd4 9. Bg5 h6 10. Bxf6 Qxf6 11. Nbd2 Qe7 12. a3 a5 13. Re1 0-0 14. Rc1 Bf5 15. c5 Bc7 16. Nc4 Rfe8 17. Nfxe5 Nxe5 18. Nxe5 Bxe5 19. f4 Qc7 20. fxe5 Rxe5 21. Rxe5 Qxe5 22. Bxb7 Qe3+ 23. Kh1 Re8 24. Bg2 Bxd3 25. c6 Be2 26. Qg1 Qxg1+ 27. Kxg1 d3 28. c7 Rc8 29. Bh3 d2 30. Rd1 Bxd1 31. Bxc8 Bf3 0-1

[Event "Pardubice Czech op-A 30th"]
[Site "Pardubice"]
[Date "2019.07.20"]
[Round "2"]
[White "Voinikonis, Nikita"]
[Black "Manik, Mikulas"]
[Result "0-1"]
[WhiteElo "2137"]
[BlackElo "2377"]
[PlyCount "90"]
[EventDate "2019.07.19"]
[EventType "swiss"]
[EventRounds "9"]
[EventCountry "CZE"]
[SourceTitle "CBM 191"]
[Source "ChessBase"]
[SourceDate "2019.08.31"]
[SourceVersion "1"]
[SourceVersionDate "2019.08.31"]
[SourceQuality "1"]

1. d4 f5 2. Bg5 h6 3. Bh4 g5 4. e3 Nf6 5. Bg3 d6 6. c4 e6 7. Nc3 Qe7 8. h4 Rg8 9. hxg5 hxg5 10. Nf3 a6 11. Qa4+ Nbd7 12. 0-0-0 Kf7 13. Bd3 b5 14. cxb5 Nb6 15. Qb3 axb5 16. Bxf5 Bb7 17. Bh7 Nxh7 18. Rxh7+ Bg7 19. Qxb5 Bxf3 20. gxf3 Rgb8 21. Qd3 Qf6 22. f4 g4 23. Ne4 Qf5 24. Ng5+ Kg8 25. e4 Qg6 26. Kb1 c5 27. e5 Qxd3+ 28. Rxd3 Nc4 29. b3 Na3+ 30. Kb2 c4 31. Re3 Nb5 32. bxc4 Nxd4+ 33. Kc3 Nf5 34. Rd3 dxe5 35. fxe5 Ra3+ 36. Kd2 Rxa2+ 37. Ke1 Nxg3 38. fxg3 Bxe5 39. Rhd7 Rb1+ 40. Rd1 Rbb2 41. Rd8+ Kg7 42. R1d7+ Kg6 43. Nxe6 Rh2 44. Nf8+ Kg5 45. Rh7 Ra1+ 0-1

[Event "Marianske Lazne IM-B1 18th"]
[Site "Marianske Lazne"]
[Date "2019.01.22"]
[Round "5"]
[White "Kornitzky, Tino"]
[Black "Voinikonis, Nikita"]
[Result "0-1"]
[WhiteElo "2133"]
[BlackElo "2163"]
[PlyCount "92"]
[EventDate "2019.01.19"]
[EventType "tourn"]
[EventRounds "9"]
[EventCountry "CZE"]
[EventCategory "1"]
[SourceTitle "CBM 188 Extra"]
[Source "ChessBase"]
[SourceDate "2019.02.26"]
[SourceVersion "1"]
[SourceVersionDate "2019.02.26"]
[SourceQuality "1"]

1. d4 Nf6 2. c4 g6 3. Nc3 d5 4. cxd5 Nxd5 5. e4 Nxc3 6. bxc3 Bg7 7. Nf3 c5 8. Be3 Qa5 9. Nd2 cxd4 10. Nc4 Qd8 11. cxd4 0-0 12. Rc1 f5 13. exf5 gxf5 14. Ne5 Be6 15. f4 Bxa2 16. Bd3 Bd5 17. 0-0 Nc6 18. Qh5 Qe8 19. Qh3 e6 20. Rc5 Rd8 21. Rb1 Nxe5 22. fxe5 Qg6 23. Rbc1 Bc6 24. Ra1 a6 25. Rf1 Rd5 26. Rc3 Ra5 27. Bf4 Ra2 28. Bc2 Qg4 29. Qxg4 fxg4 30. g3 Rc8 31. Rc1 Rd8 32. Bb3 Rg2+ 33. Kf1 Rxh2 34. Bxe6+ Kf8 35. Be3 Bh6 36. Bxh6+ Rxh6 37. Bxg4 Rh1+ 38. Kf2 Rxc1 39. Rxc1 Rxd4 40. Bf5 h6 41. g4 a5 42. Ke3 Rd5 43. Kf4 a4 44. Be6 Rd4+ 45. Kf5 Ke7 46. Re1 Be4+ 0-1

[Event "Marianske Lazne IM-B1 18th"]
[Site "Marianske Lazne"]
[Date "2019.01.21"]
[Round "3"]
[White "Mitali, Madhukar Patil"]
[Black "Voinikonis, Nikita"]
[Result "1-0"]
[WhiteElo "2062"]
[BlackElo "2163"]
[PlyCount "63"]
[EventDate "2019.01.19"]
[EventType "tourn"]
[EventRounds "9"]
[EventCountry "CZE"]
[EventCategory "1"]
[SourceTitle "CBM 188 Extra"]
[Source "ChessBase"]
[SourceDate "2019.02.26"]
[SourceVersion "1"]
[SourceVersionDate "2019.02.26"]
[SourceQuality "1"]

1. e4 g6 2. d4 Bg7 3. Nc3 d6 4. f4 e6 5. Nf3 Ne7 6. Be3 b6 7. Qd2 d5 8. e5 Qd7 9. Rg1 Ba6 10. 0-0-0 Bxf1 11. Rdxf1 Nbc6 12. g4 Na5 13. Bf2 Nc4 14. Qd3 Bh6 15. Ng5 c5 16. h4 cxd4 17. Bxd4 Nc6 18. Kb1 0-0-0 19. Rh1 Qe7 20. a3 Bg7 21. Nb5 Nxd4 22. Nxd4 Kb7 23. Re1 h5 24. b3 Nxa3+ 25. Kb2 hxg4 26. Ra1 Bf8 27. Ra2 b5 28. Nxb5 Nxb5 29. Qxb5+ Ka8 30. Rxa7+ Qxa7 31. Ra1 Be7 32. Qc6+ 1-0